[Event "FRA-ch Accession"]
[Site "Agen"]
[Date "2017.08.25"]
[Round "7"]
[White "Lamoureux, Charles"]
[Black "Demuth, Adrien"]
[Result "0-1"]
[WhiteElo "2306"]
[BlackElo "2540"]
[PlyCount "86"]
[EventDate "2017.08.19"]
[EventType "swiss"]
[EventRounds "9"]
[EventCountry "FRA"]
[SourceTitle "CBM 180 Extra"]
[Source "ChessBase"]
[SourceDate "2017.10.06"]
[SourceVersion "1"]
[SourceVersionDate "2017.10.06"]
[SourceQuality "1"]

1. b3 e5 2. Bb2 Nc6 3. e3 Nf6 4. Ne2 d5 5. g3 Be6 6. Bg2 Qd7 7. h3 Bd6 8. d3 0-0 9. a3 Ne7 10. Nd2 h6 11. c4 c6 12. Qc2 Rfe8 13. 0-0-0 Ng6 14. Kb1 Qe7 15. Ka2 a5 16. e4 b5 17. f4 a4 18. b4 dxc4 19. dxc4 exf4 20. gxf4 Nxf4 21. Nxf4 Bxf4 22. e5 Nd7 23. Bxc6 bxc4 24. Bc3 Rac8 25. b5 Red8 26. Rhg1 Nc5 27. Ne4 Rxd1 28. Qxd1 Nxe4 29. Bxe4 Qc5 30. Qb1 Bxe5 31. Rc1 Bxc3 32. Rxc3 Rb8 33. Bc6 Bd5 34. Qf5 Qd4 35. Rc2 Be6 36. Qf3 c3+ 37. Kb1 Qg1+ 38. Rc1 Ba2+ 39. Kc2 Bb3+ 40. Kb1 Ba2+ 41. Kc2 Bb3+ 42. Kb1 c2+ 43. Kb2 Qxc1+ 0-1

[Event "SUI-chT"]
[Site "Switzerland"]
[Date "2011.08.28"]
[Round "7.4"]
[White "Lamoureux, Charles"]
[Black "Gallagher, Joseph G"]
[Result "0-1"]
[WhiteElo "2342"]
[BlackElo "2501"]
[PlyCount "82"]
[EventDate "2011.02.27"]
[EventType "team-tourn"]
[EventRounds "9"]
[EventCountry "SUI"]
[SourceTitle "EXT 2012"]
[Source "ChessBase"]
[SourceDate "2011.11.24"]
[SourceVersion "1"]
[SourceVersionDate "2011.11.24"]
[SourceQuality "1"]
[WhiteTeam "Le Joueur"]
[BlackTeam "Reti"]
[WhiteTeamCountry "SUI"]
[BlackTeamCountry "SUI"]

1. e4 c5 2. Nf3 d6 3. d4 cxd4 4. Nxd4 Nf6 5. Nc3 a6 6. h3 Nc6 7. g4 Qb6 8. Nde2 e6 9. Bg2 Be7 10. 0-0 Qc7 11. a4 b6 12. f4 Nd7 13. Be3 Bb7 14. Qd2 0-0 15. f5 Nce5 16. b3 Rfe8 17. Kh1 Rac8 18. Qe1 Qb8 19. Qg3 Bf8 20. Rae1 b5 21. axb5 axb5 22. Nxb5 Rxc2 23. Nbd4 Ra2 24. Nc3 Ra8 25. Bd2 Ba6 26. Rg1 Qb6 27. Nce2 Nc5 28. g5 Bb7 29. Nc1 Rac8 30. h4 Ba8 31. h5 Nxe4 32. Bxe4 Qxd4 33. Bxa8 Rxa8 34. Bc3 Qd5+ 35. Qg2 Nf3 36. fxe6 fxe6 37. Rd1 Qe4 38. Rd4 Qe3 39. Rgd1 Nxd4 40. Bxd4 Qf4 41. h6 Ra5 0-1

[Event "SUI-chT"]
[Site "Switzerland"]
[Date "2010.11.06"]
[Round "8.7"]
[White "Lamoureux, Charles"]
[Black "Wirthensohn, Heinz"]
[Result "1/2-1/2"]
[WhiteElo "2353"]
[BlackElo "2392"]
[PlyCount "73"]
[EventDate "2010.02.14"]
[EventType "team-tourn"]
[EventRounds "9"]
[EventCountry "SUI"]
[SourceTitle "EXT 2011"]
[Source "ChessBase"]
[SourceDate "2010.11.26"]
[SourceVersion "1"]
[SourceVersionDate "2010.11.26"]
[SourceQuality "1"]
[WhiteTeam "Lausanne"]
[BlackTeam "Reichenstein"]
[WhiteTeamCountry "SUI"]
[BlackTeamCountry "SUI"]

1. e4 c5 2. Nf3 g6 3. d4 Bg7 4. Be2 cxd4 5. Nxd4 Nc6 6. Nb3 Nf6 7. Nc3 0-0 8. 0-0 d6 9. Bg5 Rb8 10. Re1 a6 11. a4 b6 12. Bf1 Nd7 13. Qc1 Re8 14. Nd2 Nc5 15. h3 Be6 16. Nf3 Nd4 17. Nxd4 Bxd4 18. Qd2 Bg7 19. b4 Nd7 20. Bxa6 Ne5 21. Nd5 Ra8 22. Be2 Rc8 23. a5 bxa5 24. Rxa5 Nc4 25. Bxc4 Rxc4 26. Ra7 Bxd5 27. exd5 Bc3 28. Qd3 Bxe1 29. Qxc4 Qb6 30. Be3 Qxb4 31. Qc6 Qb8 32. Kf1 Rc8 33. Rb7 Qa8 34. Qd7 Bc3 35. Ra7 Qb8 36. Rb7 Qa8 37. Ra7 1/2-1/2

[Event "SUI-chT"]
[Site "Switzerland"]
[Date "2010.02.14"]
[Round "1.5"]
[White "Lehmann, Marco"]
[Black "Lamoureux, Charles"]
[Result "1/2-1/2"]
[WhiteElo "2296"]
[BlackElo "2353"]
[PlyCount "76"]
[EventDate "2010.02.14"]
[EventType "team-tourn"]
[EventRounds "9"]
[EventCountry "SUI"]
[SourceTitle "EXT 2011"]
[Source "ChessBase"]
[SourceDate "2010.11.26"]
[SourceVersion "1"]
[SourceVersionDate "2010.11.26"]
[SourceQuality "1"]
[WhiteTeam "Bern"]
[BlackTeam "Lausanne"]
[WhiteTeamCountry "SUI"]
[BlackTeamCountry "SUI"]

1. e4 c5 2. Nf3 e6 3. d4 cxd4 4. Nxd4 a6 5. Bd3 Bc5 6. c3 Nc6 7. Be3 Qb6 8. Qb3 Qc7 9. Nd2 Nf6 10. Be2 d6 11. 0-0 0-0 12. Qd1 Ba7 13. Nc2 Bxe3 14. Nxe3 b6 15. f4 Bb7 16. Bd3 Rad8 17. Qe2 Ne7 18. c4 Nc6 19. Rac1 Qb8 20. Rce1 Rd7 21. Qf2 Qd8 22. a3 g6 23. b4 Ne8 24. b5 Ne7 25. bxa6 Bxa6 26. f5 Nf6 27. Nf3 Nc6 28. Bc2 Ne5 29. Nd4 Qe7 30. Qh4 Rc7 31. Qh3 Bxc4 32. Rf4 g5 33. Rf2 Kh8 34. fxe6 fxe6 35. Nxc4 Rxc4 36. Qxe6 Qd8 37. Nf5 Nfg4 38. Rd2 Rf6 1/2-1/2

[Event "FRA-chT1 0910"]
[Site "France"]
[Date "2009.12.12"]
[Round "6.2"]
[White "Lamoureux, Charles"]
[Black "Rouzaud, Philippe"]
[Result "1-0"]
[WhiteElo "2376"]
[BlackElo "2288"]
[PlyCount "53"]
[EventDate "2009.09.27"]
[EventType "team-tourn"]
[EventRounds "11"]
[EventCountry "FRA"]
[SourceTitle "EXT 2011"]
[Source "ChessBase"]
[SourceDate "2010.11.26"]
[SourceVersion "1"]
[SourceVersionDate "2010.11.26"]
[SourceQuality "1"]

1. e4 c5 2. Nf3 e6 3. d4 cxd4 4. Nxd4 Nf6 5. Nc3 Nc6 6. a3 d6 7. g3 a6 8. Bg2 Bd7 9. Nde2 Rc8 10. 0-0 Be7 11. h3 b5 12. g4 h6 13. Ng3 Qb6 14. Kh1 Na5 15. f4 Nc4 16. Qd3 Bc6 17. b3 Na5 18. Bb2 Rd8 19. Rae1 d5 20. e5 Nd7 21. f5 0-0 22. fxe6 fxe6 23. Qg6 Rxf1+ 24. Rxf1 Bf8 25. Nh5 Qb7 26. Rf7 Nxe5 27. Nf6+ 1-0

[Event "FRA-chT1 0910"]
[Site "France"]
[Date "2009.10.17"]
[Round "2.2"]
[White "Lamoureux, Charles"]
[Black "Vajda, Levente"]
[Result "0-1"]
[WhiteElo "2374"]
[BlackElo "2557"]
[PlyCount "148"]
[EventDate "2009.09.27"]
[EventType "team-tourn"]
[EventRounds "11"]
[EventCountry "FRA"]
[SourceTitle "EXT 2011"]
[Source "ChessBase"]
[SourceDate "2010.11.26"]
[SourceVersion "1"]
[SourceVersionDate "2010.11.26"]
[SourceQuality "1"]

1. e4 e5 2. Nf3 Nc6 3. Bc4 Bc5 4. c3 Nf6 5. d3 a6 6. Nbd2 d6 7. Bb3 0-0 8. h3 Be6 9. Nf1 Bxb3 10. Qxb3 d5 11. Qc2 Nh5 12. Be3 Bxe3 13. Nxe3 Nf4 14. g3 dxe4 15. dxe4 Nd3+ 16. Kf1 Nc5 17. Kg2 Re8 18. Rad1 Qc8 19. h4 h6 20. h5 Qe6 21. Nd5 Rac8 22. Nh4 Ne7 23. f3 Nxd5 24. exd5 Qf6 25. Qf5 Qd6 26. Rhe1 Rcd8 27. c4 Nd7 28. Qc2 Qc5 29. Qc3 Qe7 30. Nf5 Qg5 31. g4 e4 32. fxe4 Qxg4+ 33. Kf2 Nc5 34. Rd4 Nxe4+ 35. Rdxe4 Qxf5+ 36. Qf3 Qxf3+ 37. Kxf3 Rxe4 38. Rxe4 Kf8 39. b3 Re8 40. Rh4 Re5 41. Rh2 a5 42. Kf4 f6 43. Kg4 Ke7 44. Kf4 Kf7 45. Kg4 Ke7 46. Kf4 Kd6 47. Kg4 Kc5 48. Rd2 Kd6 49. Rh2 Rg5+ 50. Kf4 c6 51. dxc6 Kxc6 52. Ke4 Kc5 53. Kf4 b6 54. Ke4 a4 55. bxa4 Kxc4 56. Rb2 Kc5 57. Kf4 Kc6 58. Rh2 Kb7 59. Rh4 Ka6 60. Ke4 Ka5 61. Kd3 Rg3+ 62. Kc2 f5 63. Rd4 Rg5 64. Rd7 Kxa4 65. Kc3 Kb5 66. Kd4 Rxh5 67. Rxg7 Rh2 68. Ra7 Rh4+ 69. Kc3 h5 70. Rf7 Rf4 71. Rf8 h4 72. Rh8 Rf3+ 73. Kd4 h3 74. Rh6 Ra3 0-1

[Event "SUI-chT"]
[Site "Switzerland"]
[Date "2009.06.14"]
[Round "5.5"]
[White "Lamoureux, Charles"]
[Black "Vogt, Lothar"]
[Result "0-1"]
[WhiteElo "2366"]
[BlackElo "2458"]
[PlyCount "90"]
[EventDate "2009.02.22"]
[EventType "team-tourn"]
[EventRounds "9"]
[EventCountry "SUI"]
[SourceTitle "EXT 2011"]
[Source "ChessBase"]
[SourceDate "2010.11.26"]
[SourceVersion "1"]
[SourceVersionDate "2010.11.26"]
[SourceQuality "1"]
[WhiteTeam "Joueur"]
[BlackTeam "Zuerich"]
[WhiteTeamCountry "SUI"]
[BlackTeamCountry "SUI"]

1. e4 c5 2. Nf3 e6 3. d4 cxd4 4. Nxd4 Nf6 5. Nc3 d6 6. Be2 Be7 7. 0-0 0-0 8. f4 Qb6 9. Kh1 Nc6 10. Nf3 a6 11. a3 Qc7 12. Qe1 b5 13. Bd3 Bb7 14. Qg3 b4 15. Ne2 d5 16. exd5 exd5 17. axb4 Ne4 18. Qh3 Nxb4 19. Be3 Bf6 20. Bd4 Rfe8 21. Rad1 Bxd4 22. Nfxd4 Qb6 23. f5 Nf6 24. Qh4 Re3 25. Ng3 Nxd3 26. cxd3 Rae8 27. Nc2 R3e7 28. b4 d4 29. Qxd4 Bxg2+ 30. Kxg2 Qc6+ 31. Kg1 Qxc2 32. Qc4 Qb2 33. Rf2 Qe5 34. Re2 Qd6 35. Rde1 Rxe2 36. Rxe2 Rxe2 37. Nxe2 h6 38. Ng3 Qe5 39. Kg2 h5 40. h3 Qb2+ 41. Kg1 Qe5 42. Kg2 Nd5 43. Qxa6 h4 44. Qc8+ Kh7 45. Ne4 Qf4 0-1

[Event "FRA-chT2 East 0809"]
[Site "France"]
[Date "2009.04.05"]
[Round "11.3"]
[White "Lamoureux, Charles"]
[Black "Reinhart, Emmanuel"]
[Result "1-0"]
[WhiteElo "2361"]
[BlackElo "2329"]
[PlyCount "73"]
[EventDate "2008.10.19"]
[EventType "team-tourn"]
[EventRounds "11"]
[EventCountry "FRA"]
[SourceTitle "EXT 2010"]
[Source "ChessBase"]
[SourceDate "2010.11.25"]
[SourceVersion "1"]
[SourceVersionDate "2010.11.25"]
[SourceQuality "1"]
[WhiteTeam "Montrevel en Bresse"]
[BlackTeam "Strasbourg II"]
[WhiteTeamCountry "FRA"]
[BlackTeamCountry "FRA"]

1. e4 c6 2. Nc3 d5 3. Nf3 Bg4 4. h3 Bh5 5. Be2 e6 6. 0-0 Nf6 7. e5 Nfd7 8. d4 Be7 9. Be3 0-0 10. Re1 c5 11. dxc5 Bxf3 12. Bxf3 Nxe5 13. Be2 Nbc6 14. Na4 d4 15. Bd2 Nd7 16. b4 a5 17. a3 Bf6 18. Bb5 axb4 19. axb4 Qc7 20. Qf3 Rfe8 21. Nb2 Rxa1 22. Rxa1 d3 23. c3 Nxb4 24. cxb4 Bxb2 25. Ra7 Rb8 26. Bxd3 Ne5 27. Qg3 Qd7 28. Bf4 Qd5 29. Bc2 Rd8 30. Qe3 Nc6 31. Rxb7 Nd4 32. Be4 Qc4 33. Bd6 Ne2+ 34. Kh2 Nc3 35. Qg5 Re8 36. Bxh7+ Kh8 37. Qh5 1-0

[Event "SUI-chT"]
[Site "Switzerland"]
[Date "2009.03.22"]
[Round "2.7"]
[White "Hindermann, Felix"]
[Black "Lamoureux, Charles"]
[Result "0-1"]
[WhiteElo "2328"]
[BlackElo "2366"]
[PlyCount "72"]
[EventDate "2009.02.22"]
[EventType "team-tourn"]
[EventRounds "9"]
[EventCountry "SUI"]
[SourceTitle "EXT 2011"]
[Source "ChessBase"]
[SourceDate "2010.11.26"]
[SourceVersion "1"]
[SourceVersionDate "2010.11.26"]
[SourceQuality "1"]
[WhiteTeam "Wollishofen"]
[BlackTeam "Joueur"]
[WhiteTeamCountry "SUI"]
[BlackTeamCountry "SUI"]

1. e4 c5 2. c3 d6 3. d4 Nf6 4. Bd3 Nc6 5. Nf3 g6 6. 0-0 Bg7 7. h3 0-0 8. Re1 e5 9. dxe5 dxe5 10. Na3 Nh5 11. Bc4 Nf4 12. Qxd8 Rxd8 13. Be3 b6 14. Ng5 Rf8 15. Rad1 Na5 16. Bf1 h6 17. Nf3 Be6 18. b3 Rad8 19. g3 Nxh3+ 20. Kh2 Rxd1 21. Rxd1 Bg4 22. Bxh3 Bxf3 23. Rd7 Bxe4 24. Rxa7 f5 25. Re7 g5 26. Nb5 Rd8 27. f3 Bb1 28. c4 Nc6 29. Rc7 Nd4 30. Nc3 Nxf3+ 31. Kg2 g4 32. Bxg4 fxg4 33. Nxb1 e4 34. Na3 Rd3 35. Kf2 Bd4 36. Bxd4 cxd4 0-1

[Event "EU-ch 10th"]
[Site "Budva"]
[Date "2009.03.12"]
[Round "7"]
[White "Stojanovic, Dalibor"]
[Black "Lamoureux, Charles"]
[Result "1-0"]
[WhiteElo "2469"]
[BlackElo "2374"]
[PlyCount "69"]
[EventDate "2009.03.06"]
[EventType "swiss"]
[EventRounds "11"]
[EventCountry "MNE"]
[SourceTitle "CBM 130"]
[Source "ChessBase"]
[SourceDate "2009.05.20"]
[SourceVersion "1"]
[SourceVersionDate "2009.05.20"]
[SourceQuality "1"]

1. e4 c5 2. Nf3 e6 3. d4 cxd4 4. Nxd4 a6 5. Bd3 Qc7 6. 0-0 Bc5 7. Nb3 Be7 8. f4 d6 9. Kh1 Nf6 10. c4 Nbd7 11. Nc3 b6 12. Bd2 Bb7 13. Qe2 0-0 14. Rae1 g6 15. Nd4 Rfe8 16. Nf3 Bf8 17. e5 Ng4 18. Ng5 dxe5 19. Qxg4 f5 20. Qe2 h6 21. Nh3 e4 22. Nxe4 fxe4 23. Bxe4 Kh7 24. Bc3 Rac8 25. Ng5+ Kg8 26. Bxb7 Qxb7 27. Qd3 Bg7 28. Nxe6 Rxe6 29. Rxe6 Nf8 30. Ree1 Bxc3 31. Qxc3 Qf7 32. b3 Nd7 33. Qd4 Rc6 34. Qe4 Qf6 35. Qd5+ 1-0

[Event "EU-ch 10th"]
[Site "Budva"]
[Date "2009.03.10"]
[Round "5"]
[White "Wells, Peter K"]
[Black "Lamoureux, Charles"]
[Result "1/2-1/2"]
[WhiteElo "2513"]
[BlackElo "2374"]
[PlyCount "65"]
[EventDate "2009.03.06"]
[EventType "swiss"]
[EventRounds "11"]
[EventCountry "MNE"]
[SourceTitle "CBM 130"]
[Source "ChessBase"]
[SourceDate "2009.05.20"]
[SourceVersion "1"]
[SourceVersionDate "2009.05.20"]
[SourceQuality "1"]

1. Nf3 Nf6 2. c4 e6 3. g3 d5 4. Bg2 Be7 5. 0-0 0-0 6. d4 Nbd7 7. Nc3 dxc4 8. e4 a5 9. Bf4 a4 10. Qe2 a3 11. bxa3 Nb6 12. Nb5 Ne8 13. Rab1 Nd6 14. Nxd6 Bxd6 15. Bg5 Be7 16. Bxe7 Qxe7 17. Ne5 Ra4 18. Rfc1 Rd8 19. Qc2 Qxa3 20. Rxb6 cxb6 21. Nxc4 Qb4 22. a3 Qb5 23. e5 Bd7 24. Nd6 Qa6 25. Qc7 Qa8 26. Bxb7 Qb8 27. Qxb6 h6 28. h4 Rxa3 29. Rb1 Rc3 30. Be4 Rc1+ 31. Kg2 Rxb1 32. Qxb1 Qxb1 33. Bxb1 1/2-1/2

[Event "EU-ch 10th"]
[Site "Budva"]
[Date "2009.03.08"]
[Round "3"]
[White "Berczes, David"]
[Black "Lamoureux, Charles"]
[Result "1-0"]
[WhiteElo "2513"]
[BlackElo "2374"]
[PlyCount "73"]
[EventDate "2009.03.06"]
[EventType "swiss"]
[EventRounds "11"]
[EventCountry "MNE"]
[SourceTitle "CBM 130"]
[Source "ChessBase"]
[SourceDate "2009.05.20"]
[SourceVersion "1"]
[SourceVersionDate "2009.05.20"]
[SourceQuality "1"]

1. Nf3 Nf6 2. c4 e6 3. g3 d5 4. Bg2 Be7 5. 0-0 0-0 6. b3 c5 7. e3 Nc6 8. Bb2 b6 9. Nc3 Ba6 10. d3 Rc8 11. Qe2 Qc7 12. a3 Rfd8 13. Rac1 Qb8 14. Rfd1 Na5 15. Qc2 d4 16. exd4 cxd4 17. Nb1 Nc6 18. b4 b5 19. Nbd2 e5 20. Re1 Nd7 21. Qb1 Bf8 22. Qa2 Nb6 23. Ng5 Rc7 24. Bxc6 Rxc6 25. cxb5 Bxb5 26. Rxc6 Bxc6 27. Qxf7+ Kh8 28. Qf5 g6 29. Qf6+ Bg7 30. Qxd8+ Qxd8 31. Nf7+ Kg8 32. Nxd8 Bd5 33. Ne4 Kf8 34. Nc5 Bf6 35. Nde6+ Kf7 36. Nc7 Bf3 37. a4 1-0

[Event "FRA-chT2 East 0809"]
[Site "France"]
[Date "2008.11.23"]
[Round "3.3"]
[White "Lamoureux, Charles"]
[Black "Schwalfenberg, Joerg"]
[Result "1/2-1/2"]
[WhiteElo "2361"]
[BlackElo "2308"]
[PlyCount "60"]
[EventDate "2008.10.19"]
[EventType "team-tourn"]
[EventRounds "11"]
[EventCountry "FRA"]
[SourceTitle "EXT 2010"]
[Source "ChessBase"]
[SourceDate "2010.11.25"]
[SourceVersion "1"]
[SourceVersionDate "2010.11.25"]
[SourceQuality "1"]
[WhiteTeam "Montrevel en Bresse"]
[BlackTeam "Gambsheim"]
[WhiteTeamCountry "FRA"]
[BlackTeamCountry "FRA"]

1. e4 c6 2. Nf3 d5 3. Nc3 Bg4 4. h3 Bh5 5. Qe2 dxe4 6. Nxe4 e6 7. d3 Nf6 8. Bd2 Be7 9. 0-0-0 Bg6 10. Ne5 Bxe4 11. dxe4 Qd4 12. Ng4 Nxe4 13. Bh6 Nc3 14. Rxd4 Nxe2+ 15. Bxe2 gxh6 16. Rhd1 c5 17. Ra4 Nd7 18. f4 Nb6 19. Ra5 a6 20. Bf3 Ra7 21. Ra3 Nc4 22. Rad3 b5 23. b3 Nb6 24. Ne5 c4 25. Bc6+ Kf8 26. bxc4 bxc4 27. Nd7+ Nxd7 28. Rxd7 Ba3+ 29. Kb1 Rxd7 30. Rxd7 Kg7 1/2-1/2

[Event "FRA-chT2 East 0809"]
[Site "France"]
[Date "2008.10.19"]
[Round "1.2"]
[White "Poignot, Quentin"]
[Black "Lamoureux, Charles"]
[Result "0-1"]
[WhiteElo "2135"]
[BlackElo "2361"]
[PlyCount "71"]
[EventDate "2008.10.19"]
[EventType "team-tourn"]
[EventRounds "11"]
[EventCountry "FRA"]
[SourceTitle "EXT 2010"]
[Source "ChessBase"]
[SourceDate "2010.11.25"]
[SourceVersion "1"]
[SourceVersionDate "2010.11.25"]
[SourceQuality "1"]
[WhiteTeam "Besancon TPG II"]
[BlackTeam "Montrevel en Bresse"]
[WhiteTeamCountry "FRA"]
[BlackTeamCountry "FRA"]

1. e4 c5 2. Nf3 e6 3. d4 cxd4 4. Nxd4 a6 5. Bd3 Qb6 6. Nb3 Qc7 7. 0-0 Nf6 8. Nc3 d6 9. f4 Nbd7 10. Qf3 h5 11. Bd2 b6 12. Rae1 Bb7 13. Qe2 Be7 14. Kh1 h4 15. Rf3 b5 16. a3 Rc8 17. Rh3 g6 18. f5 Ne5 19. fxe6 fxe6 20. Nd4 Qd7 21. Nf3 Nfg4 22. Bf4 Bf6 23. Nxe5 Nxe5 24. Bxe5 Bxe5 25. Qg4 Kf7 26. Nd5 Rcg8 27. Rf1+ Ke8 28. Nf6+ Bxf6 29. Rxf6 e5 30. Re6+ Kd8 31. Qg5+ Kc8 32. Rxg6 Rxg6 33. Qxg6 d5 34. exd5 Qxd5 35. Qf5+ Kc7 36. Bf1 0-1

[Event "SUI-chT"]
[Site "Switzerland"]
[Date "2008.09.20"]
[Round "8.6"]
[White "Patuzzo, Fabrizio"]
[Black "Lamoureux, Charles"]
[Result "0-1"]
[WhiteElo "2267"]
[BlackElo "2348"]
[PlyCount "64"]
[EventDate "2008.03.02"]
[EventType "team-tourn"]
[EventRounds "9"]
[EventCountry "SUI"]
[SourceTitle "EXT 2009"]
[Source "ChessBase"]
[SourceDate "2008.11.26"]
[SourceVersion "1"]
[SourceVersionDate "2008.11.26"]
[SourceQuality "1"]
[WhiteTeam "Mendrisio"]
[BlackTeam "Lausanne"]
[WhiteTeamCountry "SUI"]
[BlackTeamCountry "SUI"]

1. c4 e6 2. g3 d5 3. Nf3 a6 4. d4 dxc4 5. Bg2 b5 6. a4 Bb7 7. 0-0 Nd7 8. b3 cxb3 9. Qxb3 b4 10. e4 Ngf6 11. Re1 Be7 12. d5 exd5 13. exd5 0-0 14. Nd4 Nc5 15. Qxb4 Nxd5 16. Qd2 Re8 17. Bb2 Bf6 18. Rd1 Ne4 19. Qc2 Nb4 20. Qb3 c5 21. Nc6 Qxd1+ 22. Qxd1 Bxb2 23. Na5 Rad8 24. Qb3 Bxa1 25. Nxb7 Rd3 26. Qc4 Rd1+ 27. Bf1 Rxb1 28. Kg2 Bd4 29. Be2 Nd2 30. Nd6 Nxc4 31. Bxc4 Re7 32. Nf5 Kf8 0-1

[Event "Rennes op 1st"]
[Site "Rennes"]
[Date "2008.07.31"]
[Round "5"]
[White "Lamoureux, Charles"]
[Black "Le Marec, Simon"]
[Result "1-0"]
[WhiteElo "2348"]
[BlackElo "2039"]
[PlyCount "45"]
[EventDate "2008.07.28"]
[EventType "swiss"]
[EventRounds "9"]
[EventCountry "FRA"]
[SourceTitle "EXT 2009"]
[Source "ChessBase"]
[SourceDate "2008.11.26"]
[SourceVersion "1"]
[SourceVersionDate "2008.11.26"]
[SourceQuality "1"]

1. e4 e6 2. d4 d5 3. Nc3 Nf6 4. e5 Nfd7 5. Nce2 f6 6. Nf4 Qe7 7. Nf3 Qf7 8. Be2 c5 9. 0-0 Be7 10. exf6 gxf6 11. c4 cxd4 12. cxd5 exd5 13. Nxd4 Ne5 14. Bh5 Ng6 15. Qc2 0-0 16. Nxg6 hxg6 17. Bxg6 Qg7 18. Re1 Nc6 19. Nxc6 bxc6 20. Bh6 Qxh6 21. Rxe7 Bg4 22. Rh7 Qf4 23. Bf7+ 1-0

[Event "FRA-chT2 East 0708"]
[Site "France"]
[Date "2008.04.06"]
[Round "11.3"]
[White "Lamoureux, Charles"]
[Black "Iglesias, Yosha"]
[Result "1-0"]
[WhiteElo "2348"]
[BlackElo "2166"]
[PlyCount "55"]
[EventDate "2007.10.21"]
[EventType "team"]
[EventRounds "11"]
[EventCountry "FRA"]
[SourceTitle "EXT 2009"]
[Source "ChessBase"]
[SourceDate "2008.11.26"]
[SourceVersion "1"]
[SourceVersionDate "2008.11.26"]
[SourceQuality "1"]
[WhiteTeam "Montrevel en Bresse"]
[BlackTeam "Vandoeuvre II"]
[WhiteTeamCountry "FRA"]
[BlackTeamCountry "FRA"]

1. e4 c5 2. Nf3 d6 3. d4 cxd4 4. Nxd4 Nf6 5. Nc3 g6 6. Be2 Bg7 7. 0-0 0-0 8. Bg5 Nc6 9. Nb3 Be6 10. Kh1 Na5 11. Nd5 Bxd5 12. exd5 Nxb3 13. axb3 Ne4 14. Bc1 e5 15. dxe6 fxe6 16. Bf3 d5 17. Bxe4 dxe4 18. Qe2 Be5 19. Ra4 Qh4 20. h3 Rad8 21. Be3 b5 22. Qxb5 Rd5 23. Qc6 Bd6 24. Qd7 Qg3 25. Qxe6+ Kh8 26. fxg3 Rxf1+ 27. Kh2 Rdd1 28. Bd4+ 1-0

[Event "FRA-chT2 East 0708"]
[Site "France"]
[Date "2007.11.24"]
[Round "2.2"]
[White "Lamoureux, Charles"]
[Black "Schwicker, Francois"]
[Result "1-0"]
[WhiteElo "2360"]
[BlackElo "2234"]
[PlyCount "47"]
[EventDate "2007.10.21"]
[EventType "team"]
[EventRounds "11"]
[EventCountry "FRA"]
[SourceTitle "EXT 2009"]
[Source "ChessBase"]
[SourceDate "2008.11.26"]
[SourceVersion "1"]
[SourceVersionDate "2008.11.26"]
[SourceQuality "1"]
[WhiteTeam "Montrevel en Bresse"]
[BlackTeam "Strasbourg II"]
[WhiteTeamCountry "FRA"]
[BlackTeamCountry "FRA"]

1. e4 e5 2. Nf3 Nc6 3. Bc4 Nf6 4. d3 d5 5. exd5 Nxd5 6. 0-0 Bg4 7. h3 Bh5 8. Re1 Be7 9. Nbd2 0-0 10. Nf1 Bf6 11. Ng3 Bg6 12. a3 Nb6 13. Ba2 Qd7 14. h4 h6 15. h5 Bh7 16. Nh2 Bh4 17. Ne4 Kh8 18. Nc5 Qd4 19. Be3 Qxb2 20. Nf3 Bf6 21. Bb3 Nd4 22. Nxd4 exd4 23. Bd2 Rae8 24. Ra2 1-0

[Event "BCF-chT2 0708 (4NCL)"]
[Site "Sunningdale"]
[Date "2007.11.11"]
[Round "4.1"]
[White "Dorrington, Christopher"]
[Black "Lamoureux, Charles"]
[Result "1/2-1/2"]
[WhiteElo "2240"]
[BlackElo "2360"]
[PlyCount "98"]
[EventDate "2007.09.15"]
[EventType "team-tourn"]
[EventRounds "11"]
[EventCountry "ENG"]
[SourceTitle "EXT 2023"]
[Source "ChessBase"]
[SourceDate "2022.10.05"]
[SourceVersion "1"]
[SourceVersionDate "2022.10.05"]
[SourceQuality "1"]
[WhiteTeam "Barbican"]
[BlackTeam "Cheddleton"]
[WhiteTeamCountry "ENG"]
[BlackTeamCountry "ENG"]

1. e4 c5 2. Nc3 e6 3. Nf3 a6 4. g3 b5 5. Bg2 Bb7 6. d3 Nc6 7. 0-0 d6 8. Ng5 h6 9. Nh3 b4 10. Ne2 e5 11. c3 a5 12. f4 Nf6 13. Nf2 Be7 14. d4 Ba6 15. d5 Nb8 16. g4 Nbd7 17. Re1 exf4 18. Nxf4 Ne5 19. Bf1 Nfd7 20. Bxa6 Rxa6 21. Rf1 g6 22. N2d3 c4 23. Nxe5 Nxe5 24. Be3 Bf6 25. Bd4 0-0 26. Qe2 Ra8 27. Ng2 bxc3 28. bxc3 Bg7 29. Rab1 Rb8 30. Ne3 Qe7 31. Nxc4 Nxc4 32. Bxg7 Kxg7 33. Qxc4 Rxb1 34. Rxb1 Qg5 35. Qe2 h5 36. h3 Re8 37. Qf3 hxg4 38. hxg4 Re7 39. Kg2 Qe5 40. Re1 Rc7 41. Re3 Rb7 42. Re2 Rc7 43. Re3 Rc4 44. Qg3 Qg5 45. Kf2 Ra4 46. Re2 Ra3 47. Rc2 Ra4 48. Re2 Rc4 49. Re3 Ra4 1/2-1/2

[Event "Reykjavik op"]
[Site "Reykjavik"]
[Date "2007.04.17"]
[Round "7"]
[White "Johannesson, Ingvar Thor"]
[Black "Lamoureux, Charles"]
[Result "1-0"]
[WhiteElo "2299"]
[BlackElo "2360"]
[PlyCount "175"]
[EventDate "2007.04.11"]
[EventType "swiss"]
[EventRounds "9"]
[EventCountry "ISL"]
[SourceTitle "CBM 117 Extra"]
[Source "ChessBase"]
[SourceDate "2007.05.09"]
[SourceVersion "1"]
[SourceVersionDate "2007.05.09"]
[SourceQuality "1"]

1. f4 c5 2. Nf3 Nc6 3. g3 g6 4. Bg2 Bg7 5. 0-0 d5 6. d3 e6 7. c3 Nge7 8. e4 b6 9. Qa4 Qd7 10. Be3 Bb7 11. Nbd2 Rd8 12. Bf2 h6 13. Qc2 dxe4 14. dxe4 Ba6 15. Rfe1 Bd3 16. Qd1 Qc7 17. e5 0-0 18. Bf1 h5 19. Bxd3 Rxd3 20. Qe2 Rfd8 21. Nc4 R3d7 22. Ng5 Nf5 23. Ne4 Nce7 24. h3 Nd5 25. Qf3 b5 26. Na3 b4 27. Nc4 Bf8 28. g4 Ng7 29. Bh4 Rb8 30. Re2 bxc3 31. bxc3 Qb7 32. Ncd2 c4 33. Nxc4 Rc7 34. Rb2 Qa8 35. Rxb8 Qxb8 36. Ncd2 Nxc3 37. Nf6+ Kh8 38. gxh5 Nf5 39. hxg6 fxg6 40. Bf2 Qb2 41. Nb3 Ne2+ 42. Kf1 Neg3+ 43. Kg1 Ne2+ 44. Kf1 Ned4 45. Qa8 Qe2+ 46. Kg2 Rc8 47. Nxd4 Nxd4 48. Qe4 Qxe4+ 49. Nxe4 Rc2 50. Rd1 Nf5 51. Rd8 Kg8 52. Nf6+ Kf7 53. Rd7+ Be7 54. Rxa7 Rc4 55. Kf3 Rc3+ 56. Kg2 Rc4 57. Kf3 Rc3+ 58. Ke2 Rc2+ 59. Ke1 Rc4 60. Kd2 Rxf4 61. Bc5 Rh4 62. Bxe7 Nxe7 63. Ra3 Rd4+ 64. Rd3 Ra4 65. a3 g5 66. Kc2 Nc6 67. Ng4 Ra5 68. Rf3+ Ke7 69. Re3 Nd4+ 70. Kb2 Nc6 71. Re4 Rd5 72. Kc3 Kf7 73. a4 Kg6 74. Re1 Rc5+ 75. Kb3 Kf5 76. Rf1+ Ke4 77. Nf6+ Kd3 78. Rd1+ Ke2 79. Rd6 Kf3 80. Rd3+ Ke2 81. Rd6 Kf3 82. Nh7 Kf4 83. Nf8 Kf5 84. Nxe6 Na5+ 85. Kb4 Rxe5 86. Nc5 g4 87. hxg4+ Kxg4 88. Ra6 1-0